Statistiques concernant Pokémon de type Electrik uniquement

Cliquez ici pour prendre le quiz!

Statistiques générales

  • Ce quiz a été pris 21 fois
  • Le résultat moyen est 24 sur 35

Statistiques - réponses

HintRéponse% Correct
n° 466Elekable
90%
n° 025Pikachu
90%
n° 239Elekid
86%
n° 125Elektek
86%
n° 172Pichu
86%
n° 026Raichu
86%
n° 135Voltali
86%
n° 309Dynavolt
81%
n° 403Lixy
81%
n° 404Luxio
81%
n° 181Pharamp
81%
n° 101Electrode
76%
n° 180Lainergie
76%
n° 405Luxray
76%
n° 312Negapi
76%
n° 311Posipi
76%
n° 100Voltorbe
76%
n° 310Elecsprint
71%
n° 243Raikou
71%
n° 179Wattouat
71%
n° 602Anchwatt
67%
n° 603Lampéroie
67%
n° 604Ohmassacre
67%
n° 417Pachirisu
67%
n° 522Zebibron
67%
n° 523Zeblitz
67%
n° 894Regieleki
52%
n° 835Voltoutou
52%
n° 871Wattapik
52%
n° 836Fulgudog
48%
n° 921Pohm
48%
n° 938Têtampoule
48%
n° 807Zeraora
48%
n° 939Ampibidou
43%
n° 796Câblifère
43%

Distribution des résultats

Percentile par nombre de réponses

% des personnes avec chaque résultat

Votre développement - résultats

Vous n’avez pas pris ce quiz